ARRUPE JESUIT UNIVERSITY

CORONAVIRUS -STOP THE SPREAD - CLEAN,DISINFECT,COVER

Gender trouble : (Record no. 128169)

MARC details
000 -LEADER
fixed length control field 01422cam a2200349 a 4500
001 - CONTROL NUMBER
control field 14254820
003 - CONTROL NUMBER IDENTIFIER
control field ARRUPE
005 - DATE AND TIME OF LATEST TRANSACTION
control field 20180914114620.0
008 - FIXED-LENGTH DATA ELEMENTS--GENERAL INFORMATION
fixed length control field 060206r20061999nyu b 001 0 eng
010 ## - LIBRARY OF CONGRESS CONTROL NUMBER
LC control number 2006003260
020 ## - INTERNATIONAL STANDARD BOOK NUMBER
International Standard Book Number 0415389550 (pbk.)
020 ## - INTERNATIONAL STANDARD BOOK NUMBER
International Standard Book Number 9780415389556
040 ## - CATALOGING SOURCE
Original cataloging agency DLC
Transcribing agency DLC
Modifying agency DLC
042 ## - AUTHENTICATION CODE
Authentication code pcc
050 00 - LIBRARY OF CONGRESS CALL NUMBER
Classification number HQ1154
Item number .B88 2007
082 00 - DEWEY DECIMAL CLASSIFICATION NUMBER
Classification number 305.3
Edition number 22
300 ## - PHYSICAL DESCRIPTION
Dimensions 20 cm.
100 1# - MAIN ENTRY--PERSONAL NAME
Personal name Butler, Judith,
Dates associated with a name 1956-
9 (RLIN) 41329
245 10 - TITLE STATEMENT
Title Gender trouble :
Remainder of title feminism and the subversion of identity /
Statement of responsibility, etc Judith Butler ; with an introduction by the author.
260 ## - PUBLICATION, DISTRIBUTION, ETC. (IMPRINT)
Place of publication, distribution, etc New York :
Name of publisher, distributor, etc Routledge,
Date of publication, distribution, etc 2006.
300 ## - PHYSICAL DESCRIPTION
Extent xxxvi, 236 p. ;
440 #0 - SERIES STATEMENT/ADDED ENTRY--TITLE
Title Routledge classics
9 (RLIN) 33080
500 ## - GENERAL NOTE
General note Originally published: 1999. 2nd ed.
504 ## - BIBLIOGRAPHY, ETC. NOTE
Bibliography, etc Includes bibliographical references (p. 205-228) and index.
650 #0 - SUBJECT ADDED ENTRY--TOPICAL TERM
Topical term or geographic name as entry element Feminist theory.
9 (RLIN) 42204
650 #0 - SUBJECT ADDED ENTRY--TOPICAL TERM
Topical term or geographic name as entry element Sex role.
9 (RLIN) 42205
650 #0 - SUBJECT ADDED ENTRY--TOPICAL TERM
Topical term or geographic name as entry element Sex differences (Psychology)
9 (RLIN) 41932
650 #0 - SUBJECT ADDED ENTRY--TOPICAL TERM
Topical term or geographic name as entry element Identity (Psychology)
9 (RLIN) 42206
650 #0 - SUBJECT ADDED ENTRY--TOPICAL TERM
Topical term or geographic name as entry element Femininity.
9 (RLIN) 41935
856 41 - ELECTRONIC LOCATION AND ACCESS
Materials specified Table of contents only
Uniform Resource Identifier <a href="http://www.loc.gov/catdir/toc/ecip067/2006003260.html">http://www.loc.gov/catdir/toc/ecip067/2006003260.html</a>
856 42 - ELECTRONIC LOCATION AND ACCESS
Materials specified Publisher description
Uniform Resource Identifier <a href="http://www.loc.gov/catdir/enhancements/fy0654/2006003260-d.html">http://www.loc.gov/catdir/enhancements/fy0654/2006003260-d.html</a>
906 ## - LOCAL DATA ELEMENT F, LDF (RLIN)
a 7
b cbc
c orignew
d 1
e ecip
f 20
g y-gencatlg
942 ## - ADDED ENTRY ELEMENTS (KOHA)
Source of classification or shelving scheme Library of Congress Classification
Koha item type Monograph ( Printed materials)
Holdings
Withdrawn status Lost status Source of classification or shelving scheme Damaged status Not for loan Collection code Home library Current library Shelving location Date acquired Total Checkouts Full call number Barcode Checked out Date last seen Date checked out Price effective from Koha item type
    Library of Congress Classification     Main Collection ARRUPE LIBRARY ARRUPE LIBRARY Main Collection 14/09/2018 5 HQ1154 .B88 2007 46600002023 03/05/2025 03/04/2025 03/04/2025 14/09/2018 Monograph ( Printed materials)

 

Arrupe Library. PO Box MP320 Mt Pleasant, Harare, Zimbabwe
263 242 745411|librarian@aju.ac.zw